000 00533nam a22001817a 4500
003 IT-RoPau
005 20220918175936.0
008 121211b xxu||||| |||| 00| 0 eng d
040 _cIT-RoPau
100 _qGiovannini Luigi
_919
245 _aIndicazione metodologiche per l'Opera Omnia di Don Giacomo Alberione.
250 _aI
260 _aRoma
_bCasa Generalizia
_c1982
300 _a8 p.
_c22 cm
490 _aOpera Omnia
_vI
500 _aIndicazioni generali per l' Opera Omnia di Don Giacomo Alberione
942 _2ddc
_cBK
999 _c37637
_d37637